Remaking the urban : heritage and transformation in Nelson Mandela Bay /

Bibliographic Details
Main Author: Roux, Naomi (Author)
Corporate Author: JSTOR (Organization)
Format: eBook
Language:English
Published: Manchester : Manchester University Press, 2021.
Subjects:
Online Access:Connect to the full text of this electronic book

MARC

Tag First Indicator Second Indicator Subfields
LEADER 00000cam a2200000Ki 4500
001 in00004436734
005 20210728140626.0
006 m o d
007 cr cnu---unuuu
008 210128t20212021enkb o 000 0 eng d
020 |a 9781526140296  |q electronic book 
020 |a 1526140292  |q electronic book 
020 |z 9781526140289 
020 |z 1526140284 
024 8 |a 40030380638 
035 |a (NhCcYBP)ybp301897694 
037 |a 22573/ctv1f9t0rc  |b JSTOR 
040 |a NhCcYBP  |c NhCcYBP  |d UtOrBLW 
043 |a f-sa--- 
050 4 |a HT148.S6  |b R68 2021 
082 0 4 |a 307.1160968  |2 23 
100 1 |a Roux, Naomi,  |e author. 
245 1 0 |a Remaking the urban :  |b heritage and transformation in Nelson Mandela Bay /  |c Naomi Roux. 
264 1 |a Manchester :  |b Manchester University Press,  |c 2021. 
264 4 |c ©2021 
300 |a 1 online resource. 
336 |a text  |b txt  |2 rdacontent 
337 |a computer  |b c  |2 rdamedia 
338 |a online resource  |b cr  |2 rdacarrier 
588 |a Description based on online resource; title from digital title page (viewed on February 10, 2021). 
500 |a Electronic resource. 
610 2 0 |a Nelson Mandela Metropolitan Municipality (Eastern Cape, South Africa)  |0 http://id.loc.gov/authorities/names/no2004101836 
650 0 |a Urban policy  |z South Africa.  |0 http://id.loc.gov/authorities/subjects/sh2010117540 
650 0 |a Community development, Urban  |z South Africa. 
650 0 |a Post-apartheid era  |z South Africa.  |0 http://id.loc.gov/authorities/subjects/sh2010107117 
655 7 |a Electronic books.  |2 local 
710 2 |a JSTOR (Organization)  |0 http://id.loc.gov/authorities/names/no97001983 
776 1 8 |i Print version:  |z 9781526140302 
776 1 8 |i Print version:  |z 9781526140289  |z 1526140284 
856 4 0 |u http://proxy.library.tamu.edu/login?url=https://www.jstor.org/stable/10.2307/j.ctv1fcf8dz  |z Connect to the full text of this electronic book  |t 0 
945 |b 792745 
955 |a YBP purchased approval e-records 
980 |b 112.50  |g 1 
999 f f |s 46822df0-6297-310b-b5a3-a4759c8aaedc  |i 98fba590-bdde-3845-8745-db9bc86826ab  |t 0 
952 f f |a Texas A&M University  |b College Station  |c Electronic Resources  |d Available Online  |t 0  |e HT148.S6 R68 2021  |h Library of Congress classification 
998 f f |a HT148.S6 R68 2021  |t 0  |l Available Online